[Event "GER-chW Blitz 2019"]
[Site "Magdeburg"]
[Date "2019.05.25"]
[Round "11.9"]
[White "Braje, Monika"]
[Black "Daemering, Katrin"]
[Result "0-1"]
[WhiteElo "1781"]
[BlackElo "2003"]
[Annotator "NA"]
[PlyCount "114"]
[EventDate "2019.05.25"]
[EventType "tourn"]
[EventCountry "GER"]
[SourceTitle "playchess.com"]
[Source "ChessBase"]
[SourceQuality "1"]
[TimeControl "180+2"]

1. e4 {[%emt 0:00:00]} c5 {[%emt 0:00:00]} 2. d4 {[%emt 0:00:01]} cxd4 {[%emt 0:00:01]} 3. c3 {[%emt 0:00:01]} d3 {[%emt 0:00:01]} 4. Bxd3 {[%emt 0:00:01]} d6 {[%emt 0:00:01]} 5. Nf3 {[%emt 0:00:01]} Nc6 {[%emt 0:00:01]} 6. h3 {[%emt 0:00:01]} g6 {[%emt 0:00:04]} 7. Qe2 {[%emt 0:00:02]} Bg7 {[%emt 0:00:01]} 8. O-O {[%emt 0:00:03]} Nf6 {[%emt 0:00:02]} 9. Bf4 {[%emt 0:00:02]} O-O {[%emt 0:00:08]} 10. Rd1 {[%emt 0:00:01]} e5 {[%emt 0:00:11]} 11. Bh2 {[%emt 0:00:02]} Qb6 {[%emt 0:00:06]} 12. Na3 {[%emt 0:00:06]} Be6 {[%emt 0:00:04]} 13. b3 {[%emt 0:00:08]} Rac8 {[%emt 0:00:11]} 14. Ng5 {[%emt 0:00:05]} Bd7 {[%emt 0:00:13]} 15. Nc4 {[%emt 0:00:02]} Qc7 {[%emt 0:00:01]} 16. Rac1 {[%emt 0:00:02]} h6 {[%emt 0:00:05]} 17. Nf3 {[%emt 0:00:01]} Be6 {[%emt 0:00:09]} 18. Ne3 {[%emt 0:00:02]} Rfd8 {[%emt 0:00:04]} 19. c4 {[%emt 0:00:02]} Qe7 {[%emt 0:00:09]} 20. Nd5 {[%emt 0:00:14]} Qe8 {[%emt 0:00:16]} 21. Bb1 {[%emt 0:00:05]} Kh7 {[%emt 0:00:05]} 22. Nd2 {[%emt 0:00:33]} Nd4 {[%emt 0:00:02]} 23. Qe3 {[%emt 0:00:11]} Nd7 {[%emt 0:00:13]} 24. Kh1 {[%emt 0:00:13]} Bxd5 {[%emt 0:00:18]} 25. exd5 {[%emt 0:00:01]} f5 {[%emt 0:00:07]} 26. Re1 {[%emt 0:00:07]} Qf7 {[%emt 0:00:08]} 27. Nf3 {[%emt 0:00:05]} Nxf3 {[%emt 0:00:14]} 28. Qxf3 {[%emt 0:00:02]} Nc5 {[%emt 0:00:03]} 29. b4 {[%emt 0:00:10]} Nd7 {[%emt 0:00:01]} 30. a3 {[%emt 0:00:04]} e4 {[%emt 0:00:03]} 31. Qe2 {[%emt 0:00:05]} Ne5 {[%emt 0:00:01]} 32. Red1 {[%emt 0:00:24]} Re8 {[%emt 0:00:02]} 33. Qe3 {[%emt 0:00:04]} Nxc4 {[%emt 0:00:03]} 34. Qxa7 {[%emt 0:00:06]} Ra8 {[%emt 0:00:09]} 35. Qxa8 {[%emt 0:00:16]} Rxa8 {[%emt 0:00:02]} 36. Rxc4 {[%emt 0:00:01]} Be5 {[%emt 0:00:20]} 37. Bg1 {[%emt 0:00:04]} Rd8 {[%emt 0:00:08]} 38. Rdc1 {[%emt 0:00:01]} Rd7 {[%emt 0:00:00]} 39. Bc2 {[%emt 0:00:04]} Qf6 {[%emt 0:00:02]} 40. Ba4 {[%emt 0:00:03]} Re7 {[%emt 0:00:02]} 41. Rc8 {[%emt 0:00:07]} Bb2 {[%emt 0:00:02]} 42. R1c2 {[%emt 0:00:01]} Bxa3 {[%emt 0:00:03]} 43. R8c7 {[%emt 0:00:04]} Bxb4 {[%emt 0:00:02]} 44. Rxe7+ {[%emt 0:00:08]} Qxe7 {[%emt 0:00:01]} 45. Rb2 {[%emt 0:00:02]} Bc5 {[%emt 0:00:03]} 46. Bh2 {[%emt 0:00:03]} b6 {[%emt 0:00:01]} 47. Bf4 {[%emt 0:00:01]} Qf7 {[%emt 0:00:03]} 48. Bc6 {[%emt 0:00:01]} Qf6 {[%emt 0:00:03]} 49. Ra2 {[%emt 0:00:02]} g5 {[%emt 0:00:03]} 50. Bd2 {[%emt 0:00:01]} Qd4 {[%emt 0:00:03]} 51. Be1 {[%emt 0:00:02]} Qd3 {[%emt 0:00:03]} 52. Kh2 {[%emt 0:00:06]} Bd4 {[%emt 0:00:02]} 53. Ra7+ {[%emt 0:00:01]} Kg6 {[%emt 0:00:02]} 54. Be8+ {[%emt 0:00:01]} Kf6 {[%emt 0:00:01]} 55. Bb4 {[%emt 0:00:06]} Be5+ {[%emt 0:00:06]} 56. g3 {[%emt 0:00:04]} Bd4 {[%emt 0:00:02]} 57. Kg2 {[%emt 0:00:02]} Qf3+ {[%emt 0:00:01] Kh1 Ke5+} 0-1

[Event "GER-chW Blitz 2019"]
[Site "Magdeburg"]
[Date "2019.05.25"]
[Round "11.10"]
[White "Mader, Lena"]
[Black "Kreismann, Franziska"]
[Result "0-1"]
[WhiteElo "1839"]
[BlackElo "1589"]
[Annotator "NA"]
[PlyCount "70"]
[EventDate "2019.05.25"]
[EventType "tourn"]
[EventCountry "GER"]
[SourceTitle "playchess.com"]
[Source "ChessBase"]
[SourceQuality "1"]
[TimeControl "180+2"]

1. c4 {[%emt 0:00:00]} g6 {[%emt 0:00:00]} 2. Nc3 {[%emt 0:00:01]} Bg7 {[%emt 0:00:01]} 3. g3 {[%emt 0:00:00]} Nf6 {[%emt 0:00:01]} 4. Bg2 {[%emt 0:00:01]} O-O {[%emt 0:00:01]} 5. Nf3 {[%emt 0:00:03]} d6 {[%emt 0:00:02]} 6. O-O {[%emt 0:00:07]} Nc6 {[%emt 0:00:03]} 7. d4 {[%emt 0:00:03]} Bg4 {[%emt 0:00:06]} 8. d5 {[%emt 0:00:08]} Bxf3 {[%emt 0:00:08]} 9. dxc6 {[%emt 0:00:17]} Bxc6 {[%emt 0:00:04]} 10. Bxc6 {[%emt 0:00:04]} bxc6 {[%emt 0:00:02]} 11. e4 {[%emt 0:00:10]} e5 {[%emt 0:00:08]} 12. Be3 {[%emt 0:00:11]} c5 {[%emt 0:00:05]} 13. h3 {[%emt 0:00:16]} a6 {[%emt 0:00:03]} 14. Kg2 {[%emt 0:00:13]} Re8 {[%emt 0:00:07]} 15. Qc2 {[%emt 0:00:06]} c6 {[%emt 0:00:06]} 16. Rfd1 {[%emt 0:00:13]} Qc7 {[%emt 0:00:14]} 17. Rd2 {[%emt 0:00:06]} Rad8 {[%emt 0:00:03]} 18. Rad1 {[%emt 0:00:01]} Re6 {[%emt 0:00:05]} 19. b3 {[%emt 0:00:25]} a5 {[%emt 0:00:03]} 20. Bxc5 {[%emt 0:00:19]} Ne8 {[%emt 0:00:07]} 21. Na4 {[%emt 0:00:10]} Rd7 {[%emt 0:00:41]} 22. Bb6 {[%emt 0:00:14]} Qb7 {[%emt 0:00:17]} 23. Bxa5 {[%emt 0:00:03]} Qa6 {[%emt 0:00:02]} 24. Bc3 {[%emt 0:00:12]} c5 {[%emt 0:00:14]} 25. Nxc5 {[%emt 0:00:14]} Qc6 {[%emt 0:00:10]} 26. Nxe6 {[%emt 0:00:03]} fxe6 {[%emt 0:00:02]} 27. Bb4 {[%emt 0:00:04]} Bf8 {[%emt 0:00:04]} 28. Rd3 {[%emt 0:00:06]} Qc7 {[%emt 0:00:04]} 29. Qd2 {[%emt 0:00:01]} Qc6 {[%emt 0:00:04]} 30. f3 {[%emt 0:00:01]} Kh8 {[%emt 0:00:04]} 31. Bc3 {[%emt 0:00:06]} Qc5 {[%emt 0:00:04]} 32. Qf2 {[%emt 0:00:03]} Qc6 {[%emt 0:00:02]} 33. a4 {[%emt 0:00:02]} Qb6 {[%emt 0:00:01]} 34. b4 {[%emt 0:00:01]} Qc7 {[%emt 0:00:01]} 35. a5 Qxc4 {[%emt 0:00:00]} 0-1

[Event "GER-chW Blitz 2019"]
[Site "Magdeburg"]
[Date "2019.05.25"]
[Round "11.11"]
[White "Zimmer, Elke"]
[Black "Kunze, Kerstin"]
[Result "0-1"]
[WhiteElo "1926"]
[BlackElo "2066"]
[Annotator "NA"]
[PlyCount "64"]
[EventDate "2019.05.25"]
[EventType "tourn"]
[EventCountry "GER"]
[SourceTitle "playchess.com"]
[Source "ChessBase"]
[SourceQuality "1"]
[TimeControl "180+2"]

1. e4 {[%emt 0:00:00]} e5 {[%emt 0:00:00]} 2. Nf3 {[%emt 0:00:00]} Nc6 {[%emt 0:00:00]} 3. Bc4 {[%emt 0:00:01]} Nf6 {[%emt 0:00:04]} 4. d3 {[%emt 0:00:01]} Be7 {[%emt 0:00:03]} 5. Nc3 {[%emt 0:00:02]} O-O {[%emt 0:00:01]} 6. O-O {[%emt 0:00:02]} d6 {[%emt 0:00:01]} 7. h3 {[%emt 0:00:01]} h6 {[%emt 0:00:02]} 8. Be3 {[%emt 0:00:09]} Na5 {[%emt 0:00:13]} 9. Bb3 {[%emt 0:00:01]} Be6 {[%emt 0:00:31]} 10. Qd2 {[%emt 0:00:39]} b6 {[%emt 0:00:23]} 11. Nd5 {[%emt 0:00:14]} Nxb3 {[%emt 0:00:08]} 12. Nxe7+ {[%emt 0:00:01]} Qxe7 {[%emt 0:00:01]} 13. axb3 {[%emt 0:00:01]} d5 {[%emt 0:00:08]} 14. exd5 {[%emt 0:00:39]} Bxd5 {[%emt 0:00:05]} 15. Qe2 {[%emt 0:00:18]} Nh5 {[%emt 0:00:27]} 16. Nd2 {[%emt 0:00:03]} Qh4 {[%emt 0:00:05]} 17. Ne4 {[%emt 0:00:11]} f5 {[%emt 0:00:11]} 18. c4 {[%emt 0:00:26]} Bc6 {[%emt 0:00:08]} 19. Nd2 {[%emt 0:00:11]} f4 {[%emt 0:00:03]} 20. Bd4 {[%emt 0:00:14]} f3 {[%emt 0:00:10]} 21. Qxe5 {[%emt 0:00:02]} fxg2 {[%emt 0:00:06]} 22. Qe6+ {[%emt 0:00:18]} Kh7 {[%emt 0:00:15]} 23. Rfe1 {[%emt 0:00:07]} Qxh3 {[%emt 0:00:13]} 24. Qxh3 Nf4 {[%emt 0:00:02]} 25. Qg4 {[%emt 0:00:06]} Ng6 26. Re6 {[%emt 0:00:02]} Be8 {[%emt 0:00:06]} 27. Rxg6 {[%emt 0:00:02]} Bxg6 {[%emt 0:00:01]} 28. Qe6 Rad8 29. Qe7 Rde8 30. Qxc7 Bxd3 31. Kxg2 Rd8 32. Nf3 Rg8 0-1

[Event "GER-chW Blitz 2019"]
[Site "Magdeburg"]
[Date "2019.05.25"]
[Round "11.12"]
[White "Kopylov, Luba"]
[Black "Gheng, Simona"]
[Result "1-0"]
[WhiteElo "2078"]
[BlackElo "1991"]
[Annotator "NA"]
[PlyCount "145"]
[EventDate "2019.05.25"]
[EventType "tourn"]
[EventCountry "GER"]
[SourceTitle "playchess.com"]
[Source "ChessBase"]
[SourceQuality "1"]
[TimeControl "180+2"]

1. d4 {[%emt 0:00:00]} d5 {[%emt 0:00:00]} 2. c4 e6 3. cxd5 {[%emt 0:00:05]} exd5 {[%emt 0:00:00]} 4. Nc3 {[%emt 0:00:02]} Nf6 {[%emt 0:00:00]} 5. Qc2 {[%emt 0:00:01]} Nbd7 {[%emt 0:00:10]} 6. Bg5 {[%emt 0:00:02]} Be7 {[%emt 0:00:01]} 7. e3 {[%emt 0:00:02]} h6 {[%emt 0:00:01]} 8. Bf4 {[%emt 0:00:01]} c6 {[%emt 0:00:11]} 9. Bd3 {[%emt 0:00:02]} O-O {[%emt 0:00:03]} 10. Nge2 {[%emt 0:00:02]} Re8 {[%emt 0:00:04]} 11. O-O-O {[%emt 0:00:02]} b5 {[%emt 0:00:05]} 12. Nxb5 {[%emt 0:00:03]} Qa5 {[%emt 0:00:14]} 13. Nc7 {[%emt 0:00:09]} Bb7 {[%emt 0:00:23]} 14. Nxa8 {[%emt 0:00:08]} Rxa8 {[%emt 0:00:01]} 15. Nc3 {[%emt 0:00:04]} Bb4 {[%emt 0:00:06]} 16. a3 {[%emt 0:00:06]} Bxc3 {[%emt 0:00:13]} 17. Qxc3 {[%emt 0:00:02]} Qa4 {[%emt 0:00:07]} 18. Bc2 {[%emt 0:00:08]} Qb5 {[%emt 0:00:01]} 19. Qd3 {[%emt 0:00:09]} Qa5 {[%emt 0:00:01]} 20. g4 {[%emt 0:00:08]} Ba6 {[%emt 0:00:01]} 21. Qd2 {[%emt 0:00:09]} Qxd2+ {[%emt 0:00:20]} 22. Rxd2 {[%emt 0:00:03]} Nxg4 {[%emt 0:00:06]} 23. Rg1 {[%emt 0:00:03]} h5 {[%emt 0:00:02]} 24. Bf5 Ngf6 25. Rc2 {[%emt 0:00:46]} Bb7 {[%emt 0:00:06]} 26. h4 {[%emt 0:00:11]} g6 {[%emt 0:00:01]} 27. Bg5 {[%emt 0:00:08]} Kh7 {[%emt 0:00:02]} 28. Bd3 {[%emt 0:00:07]} Re8 {[%emt 0:00:05]} 29. b4 {[%emt 0:00:05]} a6 {[%emt 0:00:08]} 30. Kb2 {[%emt 0:00:02]} Ne4 {[%emt 0:00:02]} 31. Bxe4 {[%emt 0:00:04]} Rxe4 {[%emt 0:00:01]} 32. Rgc1 {[%emt 0:00:07]} Rg4 {[%emt 0:00:10]} 33. Rxc6 {[%emt 0:00:02]} Bxc6 {[%emt 0:00:02]} 34. Rxc6 {[%emt 0:00:01]} f6 {[%emt 0:00:03]} 35. Rc7 {[%emt 0:00:04]} fxg5 {[%emt 0:00:02]} 36. Rxd7+ {[%emt 0:00:01]} Kg8 {[%emt 0:00:00]} 37. hxg5 {[%emt 0:00:02]} h4 {[%emt 0:00:15]} 38. Rc7 {[%emt 0:00:02]} h3 {[%emt 0:00:02]} 39. Rc1 {[%emt 0:00:01]} Rg2 {[%emt 0:00:01]} 40. Rh1 {[%emt 0:00:01]} Rxf2+ {[%emt 0:00:02]} 41. Kb3 {[%emt 0:00:01]} h2 {[%emt 0:00:02]} 42. Ka4 {[%emt 0:00:01]} Ra2 {[%emt 0:00:05]} 43. b5 {[%emt 0:00:04]} axb5+ {[%emt 0:00:00]} 44. Kxb5 {[%emt 0:00:01]} Rxa3 {[%emt 0:00:01]} 45. Rxh2 {[%emt 0:00:01]} Rxe3 {[%emt 0:00:01]} 46. Kc5 {[%emt 0:00:01]} Rg3 {[%emt 0:00:02]} 47. Kxd5 {[%emt 0:00:02]} Rxg5+ {[%emt 0:00:01]} 48. Ke6 {[%emt 0:00:01]} Rg1 {[%emt 0:00:07]} 49. d5 {[%emt 0:00:03]} Re1+ {[%emt 0:00:01]} 50. Kd7 {[%emt 0:00:01]} Kf7 {[%emt 0:00:02]} 51. Rf2+ {[%emt 0:00:02]} Kg7 {[%emt 0:00:00]} 52. d6 {[%emt 0:00:01]} g5 {[%emt 0:00:03]} 53. Kd8 {[%emt 0:00:02]} Re3 {[%emt 0:00:10]} 54. d7 {[%emt 0:00:01]} Re1 {[%emt 0:00:01]} 55. Rc2 {[%emt 0:00:01]} Kf6 {[%emt 0:00:04]} 56. Kc8 {[%emt 0:00:01]} Rd1 {[%emt 0:00:03]} 57. d8=Q+ {[%emt 0:00:02]} Rxd8+ {[%emt 0:00:01]} 58. Kxd8 {[%emt 0:00:01]} Kf5 {[%emt 0:00:01]} 59. Rf2+ {[%emt 0:00:03]} Kg4 {[%emt 0:00:01]} 60. Ke7 {[%emt 0:00:01]} Kg3 {[%emt 0:00:00]} 61. Rf5 {[%emt 0:00:02]} g4 {[%emt 0:00:02]} 62. Ke6 {[%emt 0:00:02]} Kh2 {[%emt 0:00:01]} 63. Rh5+ {[%emt 0:00:01]} Kg2 {[%emt 0:00:01]} 64. Kf5 {[%emt 0:00:01]} g3 {[%emt 0:00:01]} 65. Kf4 {[%emt 0:00:01]} Kf2 {[%emt 0:00:01]} 66. Rc5 {[%emt 0:00:04]} g2 {[%emt 0:00:01]} 67. Rc2+ {[%emt 0:00:01]} Kf1 {[%emt 0:00:01]} 68. Kf3 {[%emt 0:00:02]} g1=N+ {[%emt 0:00:06]} 69. Ke3 {[%emt 0:00:02]} Nh3 {[%emt 0:00:03]} 70. Rh2 {[%emt 0:00:06]} Ng1 {[%emt 0:00:06]} 71. Rf2+ {[%emt 0:00:02]} Ke1 {[%emt 0:00:01]} 72. Rg2 {[%emt 0:00:02]} Nh3 {[%emt 0:00:03]} 73. Rg3 1-0

[Event "GER-chW Blitz 2019"]
[Site "Magdeburg"]
[Date "2019.05.25"]
[Round "12.1"]
[White "Roesler, Hannah Clara Hed"]
[Black "Gheng, Simona"]
[Result "1-0"]
[WhiteElo "1619"]
[BlackElo "1991"]
[Annotator "NA"]
[PlyCount "55"]
[EventDate "2019.05.25"]
[EventType "tourn"]
[EventCountry "GER"]
[SourceTitle "playchess.com"]
[Source "ChessBase"]
[SourceQuality "1"]
[TimeControl "180+2"]

1. e4 {[%emt 0:00:00]} c5 {[%emt 0:00:00]} 2. c3 {[%emt 0:00:00]} d6 {[%emt 0:00:00]} 3. d4 {[%emt 0:00:05]} cxd4 {[%emt 0:00:01]} 4. cxd4 {[%emt 0:00:01]} g6 {[%emt 0:00:01]} 5. Nc3 {[%emt 0:00:11]} Bg7 {[%emt 0:00:02]} 6. Bc4 {[%emt 0:00:26]} Nf6 {[%emt 0:00:02]} 7. Bd3 {[%emt 0:00:21]} O-O {[%emt 0:00:03]} 8. Nf3 {[%emt 0:00:01]} Nc6 {[%emt 0:00:05]} 9. O-O {[%emt 0:00:04]} Bg4 {[%emt 0:00:02]} 10. Be2 {[%emt 0:00:13]} a6 {[%emt 0:00:05]} 11. h3 {[%emt 0:00:03]} Bd7 {[%emt 0:00:04]} 12. Bg5 {[%emt 0:00:12]} Qa5 {[%emt 0:00:08]} 13. Qd2 {[%emt 0:00:18]} Rac8 {[%emt 0:00:07]} 14. Bh6 {[%emt 0:00:07]} b5 {[%emt 0:00:14]} 15. Bxg7 {[%emt 0:00:09]} Kxg7 {[%emt 0:00:02]} 16. e5 {[%emt 0:00:08]} Ne8 {[%emt 0:00:30]} 17. Rfd1 {[%emt 0:00:15]} Bf5 {[%emt 0:00:11]} 18. Nh4 {[%emt 0:00:20]} Bd7 {[%emt 0:00:14]} 19. Rac1 {[%emt 0:00:02]} b4 {[%emt 0:00:21]} 20. Ne4 {[%emt 0:00:03]} dxe5 {[%emt 0:00:02]} 21. dxe5 {[%emt 0:00:08]} Nxe5 {[%emt 0:00:01]} 22. Qd4 {[%emt 0:00:06]} Rxc1 {[%emt 0:00:11]} 23. Rxc1 {[%emt 0:00:02]} f6 {[%emt 0:00:18]} 24. f4 {[%emt 0:00:08]} Bc6 {[%emt 0:00:32]} 25. fxe5 {[%emt 0:00:05]} Bxe4 {[%emt 0:00:01]} 26. Qxe4 {[%emt 0:00:02]} f5 {[%emt 0:00:12]} 27. Qd4 {[%emt 0:00:03]} e6 {[%emt 0:00:10]} 28. Bc4 {[%emt 0:00:03]} 1-0

[Event "GER-chW Blitz 2019"]
[Site "Magdeburg"]
[Date "2019.05.25"]
[Round "12.2"]
[White "Kunze, Kerstin"]
[Black "Kopylov, Luba"]
[Result "0-1"]
[WhiteElo "2066"]
[BlackElo "2078"]
[Annotator "NA"]
[PlyCount "42"]
[EventDate "2019.05.25"]
[EventType "tourn"]
[EventCountry "GER"]
[SourceTitle "playchess.com"]
[Source "ChessBase"]
[SourceQuality "1"]
[TimeControl "180+2"]

1. e4 {[%emt 0:00:00]} c5 {[%emt 0:00:00]} 2. Nf3 {[%emt 0:00:01]} d6 {[%emt 0:00:00]} 3. d4 {[%emt 0:00:03]} cxd4 {[%emt 0:00:01]} 4. Qxd4 {[%emt 0:00:01]} Nc6 {[%emt 0:00:03]} 5. Bb5 {[%emt 0:00:01]} Bd7 {[%emt 0:00:04]} 6. Bxc6 {[%emt 0:00:02]} Bxc6 {[%emt 0:00:02]} 7. c4 {[%emt 0:00:03]} Nf6 {[%emt 0:00:03]} 8. Nc3 {[%emt 0:00:02]} e6 {[%emt 0:00:10]} 9. O-O {[%emt 0:00:08]} Be7 {[%emt 0:00:02]} 10. Re1 {[%emt 0:00:13]} O-O {[%emt 0:00:03]} 11. b3 {[%emt 0:00:13]} h6 {[%emt 0:00:06]} 12. Bb2 {[%emt 0:00:02]} b6 {[%emt 0:00:17]} 13. Rad1 {[%emt 0:00:08]} Qc7 {[%emt 0:00:08]} 14. h3 {[%emt 0:00:14]} Rfd8 {[%emt 0:00:08]} 15. Nh2 {[%emt 0:00:08]} a6 {[%emt 0:00:10]} 16. f4 {[%emt 0:00:54]} d5 {[%emt 0:00:03]} 17. Kh1 {[%emt 0:00:23]} dxe4 {[%emt 0:00:07]} 18. Qe3 {[%emt 0:00:29]} Bc5 {[%emt 0:00:02]} 19. Qe2 {[%emt 0:00:00]} Qxf4 {[%emt 0:00:05]} 20. Rf1 {[%emt 0:00:03]} Qg5 {[%emt 0:00:18]} 21. Na4 {[%emt 0:00:18]} Nh5 {[%emt 0:00:06]} 0-1

[Event "GER-chW Blitz 2019"]
[Site "Magdeburg"]
[Date "2019.05.25"]
[Round "12.3"]
[White "Kreismann, Franziska"]
[Black "Zimmer, Elke"]
[Result "0-1"]
[WhiteElo "1589"]
[BlackElo "1926"]
[Annotator "NA"]
[PlyCount "130"]
[EventDate "2019.05.25"]
[EventType "tourn"]
[EventCountry "GER"]
[SourceTitle "playchess.com"]
[Source "ChessBase"]
[SourceQuality "1"]
[TimeControl "180+2"]

1. d4 {[%emt 0:00:00]} d5 {[%emt 0:00:00]} 2. c4 {[%emt 0:00:00]} e6 {[%emt 0:00:00]} 3. Nc3 {[%emt 0:00:01]} Nf6 {[%emt 0:00:01]} 4. Nf3 {[%emt 0:00:03]} Be7 {[%emt 0:00:05]} 5. Bg5 {[%emt 0:00:02]} O-O {[%emt 0:00:02]} 6. e3 {[%emt 0:00:01]} Nbd7 {[%emt 0:00:03]} 7. Bd3 {[%emt 0:00:02]} c5 {[%emt 0:00:08]} 8. cxd5 {[%emt 0:00:08]} Nxd5 {[%emt 0:00:21]} 9. Bxe7 {[%emt 0:00:06]} Qxe7 {[%emt 0:00:09]} 10. Bc2 {[%emt 0:00:11]} cxd4 {[%emt 0:00:13]} 11. Qd3 {[%emt 0:00:07]} N7f6 {[%emt 0:00:01]} 12. Nxd4 {[%emt 0:00:15]} Nb4 {[%emt 0:00:05]} 13. Qd2 {[%emt 0:00:03]} Nxc2+ {[%emt 0:00:01]} 14. Qxc2 {[%emt 0:00:01]} Bd7 {[%emt 0:00:04]} 15. O-O {[%emt 0:00:02]} Rac8 {[%emt 0:00:01]} 16. Qd3 {[%emt 0:00:09]} a6 {[%emt 0:00:05]} 17. a4 {[%emt 0:00:14]} Rfd8 {[%emt 0:00:01]} 18. Qe2 {[%emt 0:00:18]} Qb4 {[%emt 0:00:13]} 19. Rfc1 {[%emt 0:00:25]} Qa5 {[%emt 0:00:07]} 20. Nf3 {[%emt 0:00:28]} Bc6 {[%emt 0:00:06]} 21. Rc2 {[%emt 0:00:31]} Qh5 {[%emt 0:00:02]} 22. h3 {[%emt 0:00:08]} Qg6 {[%emt 0:00:03]} 23. Rac1 {[%emt 0:00:08]} Rc7 {[%emt 0:00:12]} 24. Nh4 {[%emt 0:00:08]} Qg5 {[%emt 0:00:06]} 25. Nf3 {[%emt 0:00:01]} Qh5 {[%emt 0:00:08]} 26. Nd4 {[%emt 0:00:06]} Qxe2 {[%emt 0:00:07]} 27. Ncxe2 {[%emt 0:00:01]} Rcd7 {[%emt 0:00:04]} 28. b3 {[%emt 0:00:06]} Be4 {[%emt 0:00:03]} 29. Rc3 {[%emt 0:00:01]} h6 {[%emt 0:00:01]} 30. g4 {[%emt 0:00:02]} Nd5 {[%emt 0:00:03]} 31. Rc5 {[%emt 0:00:04]} Bg6 {[%emt 0:00:15]} 32. Rc8 {[%emt 0:00:01]} Nb6 {[%emt 0:00:05]} 33. Rxd8+ {[%emt 0:00:02]} Rxd8 {[%emt 0:00:00]} 34. Rc7 {[%emt 0:00:03]} Be4 {[%emt 0:00:01]} 35. Kh2 {[%emt 0:00:02]} Bd5 {[%emt 0:00:02]} 36. Kg3 {[%emt 0:00:01]} Rc8 {[%emt 0:00:02]} 37. Rxc8+ {[%emt 0:00:02]} Nxc8 {[%emt 0:00:01]} 38. Nf4 {[%emt 0:00:02]} Be4 {[%emt 0:00:03]} 39. h4 {[%emt 0:00:02]} Nd6 {[%emt 0:00:01]} 40. b4 {[%emt 0:00:03]} g5 {[%emt 0:00:05]} 41. hxg5 {[%emt 0:00:02]} hxg5 {[%emt 0:00:01]} 42. Nh3 {[%emt 0:00:01]} e5 {[%emt 0:00:05]} 43. Nf5 {[%emt 0:00:01]} Nxf5+ {[%emt 0:00:02]} 44. gxf5 {[%emt 0:00:01]} Bxf5 {[%emt 0:00:03]} 45. Ng1 {[%emt 0:00:01]} f6 {[%emt 0:00:02]} 46. Nh3 {[%emt 0:00:01]} Kf7 {[%emt 0:00:00]} 47. Ng1 {[%emt 0:00:01]} Bd3 {[%emt 0:00:01]} 48. Nf3 {[%emt 0:00:00]} b6 {[%emt 0:00:04]} 49. Nd2 {[%emt 0:00:02]} Bc2 {[%emt 0:00:01]} 50. a5 {[%emt 0:00:01]} bxa5 {[%emt 0:00:00]} 51. bxa5 Ke6 {[%emt 0:00:05]} 52. Nc4 {[%emt 0:00:04]} Bd3 {[%emt 0:00:03]} 53. Nb6 {[%emt 0:00:02]} Kd6 {[%emt 0:00:03]} 54. Nc8+ {[%emt 0:00:01]} Kd7 {[%emt 0:00:01]} 55. Nb6+ {[%emt 0:00:00]} Ke6 {[%emt 0:00:03]} 56. Kg2 {[%emt 0:00:04]} f5 {[%emt 0:00:01]} 57. Kg3 {[%emt 0:00:01]} Kf6 {[%emt 0:00:01]} 58. Kg2 {[%emt 0:00:00]} g4 {[%emt 0:00:01]} 59. Kg3 {[%emt 0:00:01]} Kg5 {[%emt 0:00:01]} 60. Kg2 {[%emt 0:00:01]} f4 {[%emt 0:00:02]} 61. Nd5 {[%emt 0:00:01]} Bc4 {[%emt 0:00:06]} 62. exf4+ {[%emt 0:00:03]} exf4 {[%emt 0:00:02]} 63. Nc3 {[%emt 0:00:01]} Kf5 {[%emt 0:00:02]} 64. Nd1 {[%emt 0:00:02]} Ke4 {[%emt 0:00:03]} 65. Nc3+ {[%emt 0:00:01]} Ke5 {[%emt 0:00:00]} 0-1

[Event "GER-chW Blitz 2019"]
[Site "Magdeburg"]
[Date "2019.05.25"]
[Round "12.4"]
[White "Daemering, Katrin"]
[Black "Mader, Lena"]
[Result "1-0"]
[WhiteElo "2003"]
[BlackElo "1839"]
[Annotator "NA"]
[PlyCount "43"]
[EventDate "2019.05.25"]
[EventType "tourn"]
[EventCountry "GER"]
[SourceTitle "playchess.com"]
[Source "ChessBase"]
[SourceQuality "1"]
[TimeControl "180+2"]

1. Nf3 {[%emt 0:00:00]} Nf6 {[%emt 0:00:00]} 2. g3 {[%emt 0:00:00]} g6 {[%emt 0:00:00]} 3. Bg2 {[%emt 0:00:01]} Bg7 {[%emt 0:00:01]} 4. d3 {[%emt 0:00:01]} d5 {[%emt 0:00:05]} 5. O-O {[%emt 0:00:03]} O-O {[%emt 0:00:01]} 6. Nbd2 {[%emt 0:00:01]} c5 {[%emt 0:00:03]} 7. c4 {[%emt 0:00:02]} d4 {[%emt 0:00:08]} 8. a3 {[%emt 0:00:14]} Nc6 {[%emt 0:00:01]} 9. Rb1 {[%emt 0:00:01]} a5 {[%emt 0:00:18]} 10. Ne1 {[%emt 0:00:20]} e5 {[%emt 0:00:27]} 11. h3 {[%emt 0:00:21]} Qc7 {[%emt 0:00:07]} 12. e3 {[%emt 0:00:10]} Be6 {[%emt 0:00:14]} 13. Ndf3 {[%emt 0:00:14]} dxe3 {[%emt 0:00:21]} 14. fxe3 {[%emt 0:00:04]} e4 {[%emt 0:00:33]} 15. Ng5 {[%emt 0:00:01]} Bf5 {[%emt 0:00:32]} 16. g4 {[%emt 0:00:18]} Bxg4 {[%emt 0:00:05]} 17. hxg4 {[%emt 0:00:03]} exd3 {[%emt 0:00:01]} 18. Nxd3 {[%emt 0:00:14]} Rad8 {[%emt 0:00:03]} 19. Qe2 {[%emt 0:00:08]} Qg3 {[%emt 0:00:07]} 20. Nf2 {[%emt 0:00:38]} h6 {[%emt 0:00:13]} 21. Nge4 {[%emt 0:00:04]} Qc7 {[%emt 0:00:16]} 22. Nxc5 {[%emt 0:00:08]} 1-0

[Event "GER-chW Blitz 2019"]
[Site "Magdeburg"]
[Date "2019.05.25"]
[Round "12.5"]
[White "Sieber, Fiona"]
[Black "Braje, Monika"]
[Result "1-0"]
[WhiteElo "2250"]
[BlackElo "1781"]
[Annotator "NA"]
[PlyCount "45"]
[EventDate "2019.05.25"]
[EventType "tourn"]
[EventCountry "GER"]
[SourceTitle "playchess.com"]
[Source "ChessBase"]
[SourceQuality "1"]
[TimeControl "180+2"]

1. e4 {[%emt 0:00:00]} d5 {[%emt 0:00:00]} 2. exd5 {[%emt 0:00:01]} Nf6 {[%emt 0:00:00]} 3. d4 {[%emt 0:00:05]} Nxd5 {[%emt 0:00:00]} 4. c4 {[%emt 0:00:03]} Nb6 {[%emt 0:00:00]} 5. Nc3 {[%emt 0:00:04]} e5 {[%emt 0:00:02]} 6. d5 {[%emt 0:00:18]} Bb4 {[%emt 0:00:07]} 7. Qc2 {[%emt 0:00:28]} O-O {[%emt 0:00:03]} 8. Nf3 {[%emt 0:00:10]} f6 {[%emt 0:00:01]} 9. Bd3 {[%emt 0:00:06]} g6 {[%emt 0:01:19]} 10. Bd2 {[%emt 0:00:18]} Qe7 {[%emt 0:00:17]} 11. O-O-O {[%emt 0:00:08]} N8d7 {[%emt 0:00:06]} 12. h4 {[%emt 0:00:08]} f5 {[%emt 0:00:04]} 13. Be2 {[%emt 0:00:16]} e4 {[%emt 0:00:07]} 14. Nd4 {[%emt 0:00:16]} Nc5 {[%emt 0:00:04]} 15. h5 {[%emt 0:00:11]} g5 {[%emt 0:00:05]} 16. h6 {[%emt 0:00:05]} Bd7 {[%emt 0:00:21]} 17. a3 {[%emt 0:00:24]} Bxc3 {[%emt 0:00:05]} 18. Bxc3 {[%emt 0:00:02]} Ba4 {[%emt 0:00:02]} 19. Qd2 {[%emt 0:00:18]} Bxd1 {[%emt 0:00:02]} 20. Bxd1 {[%emt 0:00:02]} Rf6 {[%emt 0:00:11]} 21. Qxg5+ {[%emt 0:00:03]} Kh8 {[%emt 0:00:03]} 22. Kb1 {[%emt 0:00:02]} Rf7 {[%emt 0:00:05]} 23. Nxf5+ {[%emt 0:00:02]} 1-0